<?xml version="1.0" encoding="UTF-8"?><?xml-stylesheet type="text/xsl" href="static/style.xsl"?><OAI-PMH xmlns="http://www.openarchives.org/OAI/2.0/" xmlns:xsi="http://www.w3.org/2001/XMLSchema-instance" xsi:schemaLocation="http://www.openarchives.org/OAI/2.0/ http://www.openarchives.org/OAI/2.0/OAI-PMH.xsd"><responseDate>2026-04-27T12:58:54Z</responseDate><request verb="GetRecord" identifier="oai:uvadoc.uva.es:10324/23574" metadataPrefix="marc">https://uvadoc.uva.es/oai/request</request><GetRecord><record><header><identifier>oai:uvadoc.uva.es:10324/23574</identifier><datestamp>2025-03-26T19:10:15Z</datestamp><setSpec>com_10324_5654</setSpec><setSpec>com_10324_5186</setSpec><setSpec>com_10324_29291</setSpec><setSpec>col_10324_23572</setSpec></header><metadata><record xmlns="http://www.loc.gov/MARC21/slim" xmlns:doc="http://www.lyncode.com/xoai" xmlns:xsi="http://www.w3.org/2001/XMLSchema-instance" xmlns:dcterms="http://purl.org/dc/terms/" xsi:schemaLocation="http://www.loc.gov/MARC21/slim http://www.loc.gov/standards/marcxml/schema/MARC21slim.xsd">
<leader>00925njm 22002777a 4500</leader>
<datafield tag="042" ind1=" " ind2=" ">
<subfield code="a">dc</subfield>
</datafield>
<datafield tag="720" ind1=" " ind2=" ">
<subfield code="a">Carmona, Gabriela</subfield>
<subfield code="e">author</subfield>
</datafield>
<datafield tag="260" ind1=" " ind2=" ">
<subfield code="c">2017</subfield>
</datafield>
<datafield tag="520" ind1=" " ind2=" ">
<subfield code="a">Este trabajo desarrolla una parte de la investigación en la que se propone utilizar la información que se genera en las redes sociales virtuales como medio para analizar los imaginarios urbanos; mediante el análisis geoliteriario de la novela futurista Gel Azul se buscó reconocer cómo el concepto de ciberespacio o espacio virtual se incorpora al imaginario urbano de un individuo; se buscó este concepto en la literatura con la intención de poder comprender dentro de todo lo que llamamos realidad virtual las formas de representar dicho concepto; era necesario conocer desde qué perspectivas se ha representado dicho espacio virtual y como esto ha influenciado en la sociedad actual, sociedad a la que algunos expertos han llegado a llamar Sociedad Red o Sociedad de la Información.</subfield>
</datafield>
<datafield tag="024" ind2=" " ind1="8">
<subfield code="a">Sociología y Tecnociencia; Vol. 7 Núm. 1 (2017) pags. 52-67</subfield>
</datafield>
<datafield tag="024" ind2=" " ind1="8">
<subfield code="a">1989-8487</subfield>
</datafield>
<datafield tag="024" ind2=" " ind1="8">
<subfield code="a">http://uvadoc.uva.es/handle/10324/23574</subfield>
</datafield>
<datafield tag="024" ind2=" " ind1="8">
<subfield code="a">10.24197/st.7.2017.52-67</subfield>
</datafield>
<datafield tag="024" ind2=" " ind1="8">
<subfield code="a">52</subfield>
</datafield>
<datafield tag="024" ind2=" " ind1="8">
<subfield code="a">1</subfield>
</datafield>
<datafield tag="024" ind2=" " ind1="8">
<subfield code="a">67</subfield>
</datafield>
<datafield ind1=" " ind2=" " tag="653">
<subfield code="a">Sociología</subfield>
</datafield>
<datafield tag="245" ind1="0" ind2="0">
<subfield code="a">Gel Azul: el imaginario del ciberespacio</subfield>
</datafield>
</record></metadata></record></GetRecord></OAI-PMH>